Online Catalogue and eLibrary

Textile history of Sri Lanka : (Record no. 3055)

MARC details
000 -LEADER
fixed length control field 00471nam a2200169Ia 4500
005 - DATE AND TIME OF LATEST TRANSACTION
control field 20240906050929.0
008 - FIXED-LENGTH DATA ELEMENTS--GENERAL INFORMATION
fixed length control field 240331s9999 xx 000 0 und d
020 ## - INTERNATIONAL STANDARD BOOK NUMBER
ISBN
082 ## - DDC Classification
Item Number - Author Mark PAR
Class No. 677
100 ## - MAIN ENTRY--PERSONAL NAME
Personal name Pararajasingham, E
245 #0 - TITLE STATEMENT
Title Textile history of Sri Lanka :
Remainder of title from ancient times to new millennium
260 ## - PUBLICATION, DISTRIBUTION, ETC.
Place of publication, distribution, etc. Colombo
Name of publisher, distributor, etc. Paranan Associate private Limited
Date of publication, distribution, etc. 2006
300 ## - PHYSICAL DESCRIPTION
Extent (e.g. Volumes, Pages etc.) 264 p .,
650 ## - SUBJECT ADDED ENTRY--TOPICAL TERM
Topical term or geographic name entry element Textile Industry
650 ## - SUBJECT ADDED ENTRY--TOPICAL TERM
Topical term or geographic name entry element History
942 ## - Koha item type (Biblio)
Koha item type Books in Stacks (Lending)
Holdings
Lost status Damaged status Collection code Home library Current library Shelving location Date acquired Full call number Accession Number Item type
    Lending WERC Library WERC Library Social Science Cupboard 03/31/2024 677 PAR 5767 Books in Stacks (Lending)

© WERC Library